[Event "IX Festival B"]
[Site "Verona ITA"]
[Date "2003.01.??"]
[Round "2"]
[White "Solinas, Carlo"]
[Black "Paulmichl, Martin"]
[Result "1-0"]
[WhiteElo "2083"]
[BlackElo "1944"]
[PlyCount "59"]
[EventDate "2003.01.02"]

1. e4 d5 2. exd5 Qxd5 3. Nc3 Qa5 4. b4 Qxb4 5. Rb1 Qd6 6. d4 Nf6 7. Nf3 a6 8.
Bd3 e6 9. O-O Nc6 10. Re1 Be7 11. Ne2 b5 12. a4 b4 13. c4 bxc3 14. Nxc3 O-O 15.
Ne4 Nxe4 16. Bxe4 Bd7 17. Ne5 Rad8 18. Bf4 Nxe5 19. Bxe5 Qa3 20. Rb3 Qxa4 21.
Qh5 f5 22. Rh3 Bf6 23. Qxh7+ Kf7 24. Bxf6 Kxf6 25. Bxf5 Rde8 26. Qh4+ Kf7 27.
Qh5+ Ke7 28. Qg5+ Kd6 29. Bg6 Rb8 30. Qc5# 1-0